| 000 | 06293namaa22004211i 4500 | ||
|---|---|---|---|
| 003 | OSt | ||
| 005 | 20260420125235.0 | ||
| 008 | 250827s2025 ua a|||frm||| 000 0 eng d | ||
| 040 |
_aEG-GICUC _bara _cEG-GICUC _dEG-GICUC _erda |
||
| 041 | 0 |
_aara _bara _beng |
|
| 049 | _aإيداع | ||
| 082 | 0 | 4 | _a658.4056 |
| 092 |
_a658.4056 _221 |
||
| 097 | _aمــــاجستير | ||
| 099 | _aCai01.18.06.M.Sc.2025.سا.ت | ||
| 100 | 0 |
_a،سامح إبراهيم عبد الرحمن أحمد _eإعداد. |
|
| 245 | 1 | 0 |
_aتأثير إدارة المخاطر والأزمات على الأداء المؤسسى : _bدراسة حالة / _cإعداد سامح إبراهيم عبد الرحمن أحمد؛ إشراف أ.د/ فاروق تمام على شعيب، د/ عبدالهادي محمد عبدالهادي النجار. |
| 246 | 1 | 5 |
_aThe impact of risk and crisis management on institutional performance : _bCase study / |
| 264 | 0 | _c2025. | |
| 300 |
_a157 ورقة : _bإيضاحيات ؛ _c30 cm. + _eCD. |
||
| 336 |
_atext _2rda content |
||
| 337 |
_aUnmediated _2rdamedia |
||
| 338 |
_avolume _2rdacarrier |
||
| 502 | _aأطروحة (ماجستير)-جامعة القاهرة، 2025. | ||
| 504 | _aببليوجرافيا: صفحات 140-147. | ||
| 520 | _aهدفت الدراسة الي معرفة أهمية وتأثير إدارة للمخاطر والأزمات على الأداء المؤسسى وإبراز فاعليتها وإرتباطها بالسلامة والصحة المهنية كجزء أصيل لا يتجزء منها بالدلائل النظريه والوقائع العلمية، واشارة الي حالة القصور فى تلك المسألة لحالة الدراسة. وقد اتبع الباحث المنهج الوصفى التحليلى الذى يقوم على إستنتاج أفكار محددة من ظاهرة علمية ، ومزج ذلك بتحليل واقعى يربط بين التشخيص والمعالجات من جهة ، والواقع الحقيقى من جهة أخرى ليصل فى النهاية إلى قواعد عامة تحقق أهداف الدراسة . وفى سبيل تحقيق أهداف الدراسة تمت الإستعانة بالعديد من الدراسات السابقة والتقارير المتخصصة والمراجع المختلفة ، التى ساعدت الباحث فى تحليل الأفكار وربطها مع بعضها البعض بصورة منطقية وعملية. وتكون مجتمع الدراسة من العاملين بقسم نقل بورتوفيق – إدارة الخدمات – بهيئة قناة السويس من (120) فرد من المستويات الوظيفية المختلفة.ومن أهم النتائج التى توصلت إليها الدراسة : ثبوت صحة الفرض الرئيس أنه لا يوجد تأثير ذو دلالة إحصائية " لإدارة المخاطر والأزمات على الأداء المؤسسى " فى التطبيق لحالة الدراسة نظراً لعدم وجود إدارة أزمات بالهيكل التنظيمى لحالة الدراسة.ومن أهم توصيات الدراسة : ضرورة انشاء إدارة أو مركزاً مستقلاً للمخاطر والأزمات بالهيكل التنظيمى لها يتضمن قسم السلامة والصحة المهنية، لما لذلك من نتائج إيجابية على تحسين الأداء المؤسسى وهذا ما اثبتته الدراسات السابقة في نفس الموضوع . | ||
| 520 | _aThe study aimed to know the business's use of risks and situations at the local level, the excrement of its perpetrator, and its connection to occupational safety as an integral part, not part of it, with theoretical evidence and scientific facts, and to point out the shortcomings in those arising from the case of the study. The researcher may follow the first descriptive analysis, which is based on deducing other specific ideas from the scientific phenomenon, and linking that to a real analysis that links diagnosis and treatments on the one hand, and real reality on the other hand, in order to reach general requirements and achieve the objectives of the study. In order to achieve the objectives of the study, many previous studies, specialized reports, and various references were used, which helped the researcher in analyzing the ideas and linking them to each other in a logical and practical manner. The study population consisted of (120) individuals working in the Port Tawfiq Transport Department - Services Department - at the Suez Canal Authority.Among the most important results reached by the study:Proving the validity of the main hypothesis is that there is no statistically significant effect of “risk and crisis management on institutional performance” in the application to the case study due to the lack of crisis management in the organizational structure of the case study.Among the most important results reached by the study:The most important recommendations of the study are:It is necessary to establish an independent department or center for risks and crises, with its organizational structure including an occupational safety and health department, because of its positive results in improving institutional performance, and this is what previous studies on the same subject have proven. | ||
| 530 | _aصدر أيضًا كقرص مدمج. | ||
| 546 | _aالنص بالعربية والملخص باللغة الإنجليزية والعربية. | ||
| 650 | 7 |
_aإدارة المخاطر والأزمات _2qrmak |
|
| 653 | 0 |
_aالأزمة _aإدارة المخاطر والأزمات _aالأداء المؤسسى |
|
| 700 | 0 |
_aفاروق تمام على شعيب _eمشرف أطروحة. |
|
| 700 | 0 |
_aعبدالهادي محمد عبدالهادي النجار _eمشرف أطروحة. |
|
| 900 |
_b09-04-2025 _cفاروق تمام على شعيب _cعبدالهادي محمد عبدالهادي النجار _Uجامعة القاهرة _Fكلية الدراسات العليا للبحوث الاحصائية _Dقسم إدارة المخاطر والأزمات |
||
| 905 | _aSara | ||
| 942 |
_2ddc _cTH _e21 _n0 |
||
| 999 | _c179612 | ||